Normal view
MARC view
Entry Personal Name
001 - CONTROL NUMBER
- control field: 43334
003 - CONTROL NUMBER IDENTIFIER
- control field: ARRUPE
005 - DATE AND TIME OF LATEST TRANSACTION
- control field: 20181109120853.0
008 - FIXED-LENGTH DATA ELEMENTS
- fixed length control field: 181109|| aca||aabn | a|a d
040 ## - CATALOGING SOURCE
- Original cataloging agency: ARRUPE
- Transcribing agency: ARRUPE
100 ## - HEADING--PERSONAL NAME
- Personal name: Rollin, Charles
670 ## - SOURCE DATA FOUND
- Source citation: Work cat.: (ARRUPE): Rollin, Charles, De la maniere d'enseigner et d'etudier, 1728